000
00306nam a22001337a 4500
008
180129b xxu||||| |||| 00| 0 eng d
020
_a
0801641721
041
_a
eng
080
_a
616.31
100
_a
5
101
_a
STO
245
_a
Contemporary fixed prosthondotics
_c
Rosenstiel,S.F
942
_2
udc
_c
BK
999
_c
41153
_d
41153